000 01292nam a2200325Ia 4500
001 94224
003 IT-RoPAU
008 130308s9999 xx 000 0 und d
040 _aIT-RoPAU
040 _cIT-RoPAU
041 _aSPAGNOLO
100 _aKlees Steven
100 _gCodice Aut. SPICS: 33005
245 _aAnalisis economico y toma de decision en la comunicacion
245 _bEnfoques Sobre la planificacion de la Comunicacion
250 _a1a ed.
260 _aQUITO
260 _bCiespal
260 _c1981 [1° Ed.:1981 - Ed.Ling.Originale:1976]
300 _a"36 p. (prefazione: no ; testo: 36 [pagine: 229-264])"
500 _aAnalisi Economica e presa di Decisione nella Comunicazione Naturalezza dell'Analisi Economica Sistema della Teoria Economica neoclassica costi Effetti e benefici Sviluppo Nazionale Critiche e Alternative Applicazioni Ai sistemi delle comunicazioni Comunicazione Come Bene e Servizio Comunicazione Come Industria Comunicazione e Sviluppo Nazionale Analisi delle Decisioni nel settore delle Comunicazioni
650 _aPOLITICA DELLA COMUNICAZIONE SOCIALE
650 _eCodice materia Spics: 3803
700 _aWells Stuart
700 _gCodice Aut. SPICS: 33006
942 _cBK
957 _71
999 _c43676
_d43676
999 _bSI
999 _g1